Online
Catalog

Los trozos de madera de Dios / (Record no. 39733)

MARC details
000 -CABECERA
campo de control de longitud fija 00525nam a2200169 a 4500
001 - NÚMERO DE CONTROL
campo de control 000040243
005 - FECHA Y HORA DE LA ÚLTIMA TRANSACCIÓN
campo de control 20201002034015.0
008 - DATOS DE LONGITUD FIJA--INFORMACIÓN GENERAL
campo de control de longitud fija 130820s1975 cu 000 0 spa d
040 ## - FUENTE DE LA CATALOGACIÓN
Centro catalogador/agencia de origen DO-SdBNP
Lengua de catalogación spa
Centro/agencia transcriptor BNPHU
082 ## - NÚMERO DE LA CLASIFICACIÓN DECIMAL DEWEY
Número de clasificación xxx
100 1# - ENTRADA PRINCIPAL--NOMBRE DE PERSONA
Nombre de persona Sembén, Usmán
9 (RLIN) 66510
240 10 - TÍTULO UNIFORME
Título uniforme Les bouts de bois de Dieu
Lenguaje de la obra español
245 14 - MENCIÓN DE TÍTULO
Título Los trozos de madera de Dios /
Mención de responsabilidad, etc. Usmán Sembén ; Virgilio Piñero.
260 ## - PUBLICACIÓN, DISTRIBUCIÓN, ETC.
Lugar de publicación, distribución, etc. La Habana :
Nombre del editor, distribuidor, etc. Arte y Literatura,
Fecha de publicación, distribución, etc. 1975.
300 ## - DESCRIPCIÓN FÍSICA
Extensión 396 p. ;
Dimensiones 18 cm.
700 1# - PUNTO DE ACCESO ADICIONAL--NOMBRE DE PERSONA
Nombre de persona Piñero, Virgilio,
Término indicativo de función/relación tr.
9 (RLIN) 66511
Holdings
Estado de retiro Estado de pérdida Restricciones de uso No para préstamo Código de colección Localización permanente Ubicación/localización actual Ubicación en estantería Fecha de adquisición Número de inventario Total de préstamos Signatura topográfica completa Código de barras Fecha visto por última vez Precio válido a partir de Tipo de ítem Koha
      Excluido de préstamo Monografías: Libros y Folletos General General En catalogación 20.08.2013 LF1   xxx 40243-10 25.06.2020 25.06.2020 No se presta

Powered by Koha